| 000 -LEADER |
| fixed length control field |
00454nam a22001697a 4500 |
| 008 - FIXED-LENGTH DATA ELEMENTS--GENERAL INFORMATION |
| fixed length control field |
161003b xxu||||| |||| 00| 0 eng d |
| 020 ## - INTERNATIONAL STANDARD BOOK NUMBER |
| International Standard Book Number |
9788127261962(pbk.) |
| 082 ## - DEWEY DECIMAL CLASSIFICATION NUMBER |
| Edition number |
23 |
| Classification number |
612.015 |
| Item number |
JAI |
| 100 ## - MAIN ENTRY--PERSONAL NAME |
| Personal name |
Jain,Sikha |
| 245 ## - TITLE STATEMENT |
| Title |
Biochemistry and clinical pathology |
| 250 ## - EDITION STATEMENT |
| Edition statement |
2nd ed. |
| 260 ## - PUBLICATION, DISTRIBUTION, ETC. (IMPRINT) |
| Place of publication, distribution, etc. |
New Delhi |
| Name of publisher, distributor, etc. |
Kalyani Publishers |
| Date of publication, distribution, etc. |
2010 |
| 300 ## - PHYSICAL DESCRIPTION |
| Extent |
15/10p. |
| Dimensions |
22cm. |
| 650 ## - SUBJECT ADDED ENTRY--TOPICAL TERM |
| Source of heading or term |
Biotechnology |
| Topical term or geographic name as entry element |
Biotechnology |
| 653 ## - INDEX TERM--UNCONTROLLED |
| Uncontrolled term |
Chemistry |
| 942 ## - ADDED ENTRY ELEMENTS (KOHA) |
| Source of classification or shelving scheme |
|
| Koha item type |
Books |